Insurrección estudiantil: universitarios en las barricadas /
Sparad:
| Huvudupphovsman: | |
|---|---|
| Materialtyp: | Text |
| Taggar: |
Lägg till en tagg
Inga taggar, Lägg till första taggen!
|
MARC
| LEADER | 00000 a a2200000 04500 | ||
|---|---|---|---|
| 001 | 46006 | ||
| 003 | |||
| 040 | |||
| 100 | |a Cuadra, Scarlet | ||
| 245 | |a Insurrección estudiantil: |b universitarios en las barricadas / |c Scarlet Cuadra | ||
| 773 | |g volumen17, número409 ( , 1997), páginas 4-5 : fotos | ||
| 999 | |c 37523 |d 37523 | ||
